000 00689nam a2200253Ia 4500
003 OSt
005 20220924114900.0
006 a|||||r|||| 00| 0
007 ta
008 220923b |||||||| |||| 00| 0 ara d
020 _c13.00
024 _a337518
037 _cTextual
040 _aARTS
_cARTS
_bara
041 _2ara
_aara
082 _aO28,1w, F8
100 _aQurshi Abi Zaid Muhammad Au.
_9175883
245 0 _aKitab jamharat ashaar-al-Arab
260 _aCairo
_bMatba-i-al-amiria Egypt
_c1928
300 _a200p.
_ccm.
650 _aARABIC POETRY
942 _hO28,1w, F8
_cTEXL
_2CC
999 _c395785
_d395785